G1-京哈高速公路途径行政区 - Statistics

General Stats
  • This quiz has been taken 27 times
  • The average score is 14 of 15
Answer Stats
Answer % Correct
北京
100%
廊坊
96%
天津
96%
唐山
96%
秦皇岛
96%
葫芦岛
96%
锦州
96%
沈阳
96%
长春
96%
哈尔滨
96%
盘锦
92%
铁岭
92%
四平
92%
鞍山
88%
松原
85%
No matching quizzes found
Score Distribution
Percent of People with Each Score
Percentile by Number Answered
Your Score History
You have not taken this quiz